| 000 | 00986cad a22002175a 4500 | ||
|---|---|---|---|
| 001 | L151897 | ||
| 008 | 101217s2010 xxk f 000 0 eng d | ||
| 020 | _a1903496519 | ||
| 035 | _a(Sirsi) u151897 | ||
| 041 | 0 | _aeng | |
| 050 | 0 | 4 | _a333.7 $2 18 |
| 110 | 2 |
_aRoyal Academy of Engineering _91610 |
|
| 245 | 0 | 0 |
_aEngineering a low carbon built environment _bthe discipline of building engineering physics _h[electronic resource] |
| 260 |
_aLondon _bRAE _c2010 |
||
| 520 | _aDiscusses the importance of building engineering physics; applying the principles of building engineering physics to the design of buildings; building energy performance; future needs; recommendations; practice case studies. | ||
| 590 | _aKA NTK | ||
| 651 | 4 |
_aUnited Kingdom _y |
|
| 690 | _aBUILT ENVIRONMENT-SUSTAINABLE CONSTRUCTION | ||
| 856 | 4 | 0 |
_uhttps://www.raeng.org.uk/education/vps/pdf/Engineering_a_low_carbon_built_environment.pdf _zView the website free of charge at www.raeng.org.uk |
| 942 | _n0 | ||
| 999 |
_c111716 _d111716 |
||